Doing psychotherapy /

保存先:
書誌詳細
第一著者: Basch, Michael Franz
フォーマット: 図書
言語:英語
出版事項: New York : Basic books, c1980.
主題:
タグ: タグ追加
タグなし, このレコードへの初めてのタグを付けませんか!

MARC

LEADER 00000cam a22000002a 4500
001 0000005830
003 DAYSTAR
005 20171002014358.0
008 030703s1980 nyu 001 0 eng d
020 |a 0465016847 
040 |a Daystar 
040 |d COnyango 
050 0 0 |a RC480  |b .B317 
100 1 |a Basch, Michael Franz. 
245 1 0 |a Doing psychotherapy /  |c Michael Franz Basch. 
260 |a New York :  |b Basic books,  |c c1980. 
300 |a 188 p. 
650 0 |a Psychotherapy. 
908 |a 060412 
942 |c G 
952 |0 0  |1 0  |4 0  |6 RC_480_000000000000000_B317  |7 0  |9 1478  |a DUN  |b DUN  |c GC  |d 2017-09-28  |l 0  |o RC480.B317  |p BK038483  |r 2017-09-28 00:00:00  |w 2017-09-28  |x 54665  |y G 
999 |c 989  |d 989